|
|
|
|
| LEADER |
00000nam a2200000 a 4500 |
| 001 |
vtls009146522 |
| 003 |
SK-MaSNL |
| 005 |
20260301125130.0 |
| 008 |
240318i1952 xr g 000 p cze |
| 020 |
|
|
|q (brož.)
|
| 040 |
|
|
|a SNK
|b slo
|c SNK
|e AACR2
|
| 041 |
0 |
|
|a cze
|
| 044 |
|
|
|a xr
|c CZ
|
| 072 |
|
7 |
|a 821.162.3
|x Česká literatúra
|2 konspekt
|
| 080 |
|
|
|a 821.162.3-1
|2 2001
|
| 100 |
1 |
|
|a Nezval, Vítězslav,
|d 1900-1958
|4 aut
|9 203046
|
| 245 |
1 |
0 |
|a Dílo
|n II
|p Básně noci 1921-1929
|c Vítězslav Nezval
|
| 246 |
3 |
0 |
|a Básně noci 1921-1929
|
| 250 |
|
|
|a 1. vyd.
|
| 260 |
|
|
|a Praha
|b Československý spisovatel
|c 1952
|e V Brne
|f Západomoravské tiskárny
|
| 300 |
|
|
|a 134 s.
|c 21 cm
|
| 655 |
|
7 |
|a česká poézia
|2 SNKPH
|9 70569
|
| 999 |
|
|
|c 741521
|d 743451
|
| 952 |
|
|
|a SNK
|b SNK
|y VYP
|7 0
|p 17A0592699
|o snkIC 7716/2 D1
|i snkF 2062/63
|8 5
|0 0
|1 1
|4 0
|d 2010-04-23
|l 0
|r 2026-02-23 23:02:25
|w 2026-02-23
|
| 952 |
|
|
|a SNK
|b SNK
|y VYP
|7 0
|p 17A0560827
|o snkIC 7716/2
|i snkVIII. 1391/52
|8 3
|0 0
|1 0
|4 0
|d 2007-10-04
|l 0
|r 2026-02-23 23:02:25
|w 2026-02-23
|